00561nam a2200157Ia 4500008004100000020001500041082001600056100001900072245002700091260007600118300002700194490001300221942004700234952010700281999001500388250529s9999 xx 000 0 und d a9991571647 a891.4894SHI aIbrahim Shihab 0aShihaabuge Mazumoon IV aMale'bDhivehi Bahaai Thaareekhah Khidhumaiykuraa Qaumee Marukazuc1994 a320 p. : ill. ; 22 cm. vMalas 93 h891.4894iSHIcAD6891_489400000000000_SHI 93733aKFPLbKFPLcDHId2025-05-29l1o891.4894SHIpKL-2024-001120r2025-06-16 11:28:09s2025-06-01yAD c3427d3427